Vida y obra del doctor Alejandro San Martín Satrústegui / (Record no. 14004)

MARC details
000 -LEADER
campo de control de longitud fija 00627nam a2200181 i 4500
001 - NÚMERO DE CONTROL
campo de control 14004
003 - IDENTIFICADOR DE NÚMERO DE CONTROL
campo de control ES-MaACL
005 - FECHA Y HORA DE LA ÚLTIMA TRANSACCIÓN
campo de control 20230906150716.0
007 - CAMPO FIJO DE DESCRIPCIÓN FÍSICA--INFORMACIÓN GENERAL
campo de control de longitud fija t|
008 - DATOS DE LONGITUD FIJA--INFORMACIÓN GENERAL
campo de control de longitud fija 980827s1997 sp a |||| |dspa d
080 ## - NÚMERO DE LA CLASIFICACIÓN DECIMAL UNIVERSAL
Número de la Clasificación Decimal Universal 929:61 San Martín Satrústegui, Alejandro
100 1# - ENTRADA PRINCIPAL--NOMBRE DE PERSONA
Nombre de persona Palma Rodríguez, Fermín.
9 (RLIN) 88621
245 10 - MENCIÓN DEL TÍTULO
Título Vida y obra del doctor Alejandro San Martín Satrústegui /
Mención de responsabilidad, etc. Fermín Palma Rodríguez.
260 ## - PUBLICACIÓN, DISTRIBUCIÓN, ETC.
Lugar de publicación, distribución, etc. San Sebastián :
Nombre del editor, distribuidor, etc. Sociedad Vasca de Historia de la Medicina,
Fecha de publicación, distribución, etc. 1997.
300 ## - DESCRIPCIÓN FÍSICA
Extensión 116 p. :
Otras características físicas il. ;
Dimensiones 24 cm.
600 14 - PUNTO DE ACCESO ADICIONAL DE MATERIA--NOMBRE DE PERSONA
Nombre de persona San Martín Satrústegui, Alejandro.
9 (RLIN) 102275
852 ## - LOCALIZACIÓN
Ubicación ES-MaACL
Número de control de estantería L-21290
Holdings
Estatus retirado Estado de pérdida Estado de daño No para préstamo Biblioteca de origen Biblioteca actual Ubicación en estantería Fecha de adquisición Fuente de adquisición Total de préstamos Signatura topográfica completa Código de barras Visto por última vez Precio de reemplazo Tipo de ítem Koha
        Biblioteca del Ateneo de Madrid Biblioteca del Ateneo de Madrid Depósito 2 17/01/2008     L-21290 1014249 23/02/2023 23/02/2023 Libro impreso